El sistema constitucional dominicano / (Registro nro. 14244)

Detalles MARC
000 -LEADER
fixed length control field 00945nam a2200265 a 4500
001 - CONTROL NUMBER
control field
003 - CONTROL NUMBER IDENTIFIER
control field DO-SdBNP
005 - DATE AND TIME OF LATEST TRANSACTION
control field 20220831125319.0
008 - FIXED-LENGTH DATA ELEMENTS--GENERAL INFORMATION
fixed length control field 090729s1986 dr ab 001 0 spa d
040 ## - CATALOGING SOURCE
Original cataloging agency DO-SdBNP
Language of cataloging spa
Transcribing agency BPMSU
082 ## - DEWEY DECIMAL CLASSIFICATION NUMBER
Classification number 342.7293029
Item number B828s1986
Edition number 22
100 1# - MAIN ENTRY--PERSONAL NAME
Personal name Brea Franco, Julio
Dates associated with a name 1948-
100 z# - MAIN ENTRY--PERSONAL NAME
Personal name Franco, Julio Brea,
Dates associated with a name 1948-
245 13 - TITLE STATEMENT
Title El sistema constitucional dominicano /
Statement of responsibility, etc. Julio Brea Franco ; presentación Manuel Bergés Chupani.
260 ## - PUBLICATION, DISTRIBUTION, ETC. (IMPRINT)
Place of publication, distribution, etc. Santo Domingo :
Name of publisher, distributor, etc. UNPHU,
Date of publication, distribution, etc. 1986
300 ## - PHYSICAL DESCRIPTION
Extent v. :
Other physical details il. ; mapa ;
Dimensions 21 cm.
586 ## - AWARDS NOTE
Awards note Premio Nacional de Didáctica 1983
590 ## - LOCAL NOTE (RLIN)
Local note Inventariado, 2022/VM
651 #4 - SUBJECT ADDED ENTRY--GEOGRAPHIC NAME
Geographic name República Dominicana
General subdivision Constitución
651 #4 - SUBJECT ADDED ENTRY--GEOGRAPHIC NAME
Geographic name República Dominicana
General subdivision Historia Constitucional
651 #4 - SUBJECT ADDED ENTRY--GEOGRAPHIC NAME
Geographic name República Dominicana
General subdivision Derecho Constitucional
710 2# - ADDED ENTRY--CORPORATE NAME
Corporate name or jurisdiction name as entry element Universidad Nacional Pedro Henríquez Ureña (República Dominicana)
910 ## - USER-OPTION DATA (OCLC)
User-option data VMateo V.
942 ## - ADDED ENTRY ELEMENTS (KOHA)
Source of classification or shelving scheme Dewey Decimal Classification
Koha item type Libros
Existencias
Withdrawn status Lost status Source of classification or shelving scheme Damaged status Not for loan Collection code Home library Current library Date acquired Full call number Barcode Date last seen Copy number Price effective from Koha item type Total Checkouts
    Dewey Decimal Classification     Colección Dominicana Biblioteca Pública Metropolitana Salomé Ureña Biblioteca Pública Metropolitana Salomé Ureña 08/24/2022 BPMSU CD 342.7293029 B828s1986 BPMSU22080030 08/24/2022 v.1 08/24/2022 Libros  
    Dewey Decimal Classification     Colección Dominicana Biblioteca Pública Metropolitana Salomé Ureña Biblioteca Pública Metropolitana Salomé Ureña 08/24/2022 BPMSU CD 342.7293029 B828s1986 BPMSU22080031 08/24/2022 v.2 08/24/2022 Libros